Statistics for Every Formula One Race-Winning Driver Number

Click here to take the quiz!

General Stats

  • This quiz has been taken 31 times
  • The average score is 26 of 45

Answer Stats

NumberDateGrand PrixNationalityDriver% Correct
3315 may 2016SpainNetherlandsMax Verstappen
96%
553 july 2022BritainSpainCarlos Sainz
93%
6313 november 2022Sāo PauloUKGeorge Russell
86%
2228 october 1951
Spain
ArgentinaJuan Manuel Fangio
86%
3219 may 1957MonacoArgentinaJuan Manuel Fangio
86%
3421 may 1950MonacoArgentinaJuan Manuel Fangio
86%
2620 june 1954BelgiumArgentinaJuan Manuel Fangio
86%
5013 september 1953ItalyArgentinaJuan Manuel Fangio
86%
184 july 1954FranceArgentinaJuan Manuel Fangio
86%
62 july 1950FranceArgentinaJuan Manuel Fangio
86%
1018 june 1950BelgiumArgentinaJuan Manuel Fangio
86%
2427 may 1951SwitzerlandArgentinaJuan Manuel Fangio
86%
7730 april 2017RussiaFinlandValtteri Bottas
86%
213 may 1950
Britain
ItalyGiuseppe Farina
71%
417 june 1951BelgiumItalyGiuseppe Farina
71%
164 june 1950SwitzerlandItalyGiuseppe Farina
71%
015 august 1993HungaryUKDamon Hill
68%
1720 may 1962NetherlandsUKGraham Hill
68%
518 july 1953BritainItalyAlberto Ascari
64%
4623 august 1953SwitzerlandItalyAlberto Ascari
64%
1013 august 1952GermanyItalyAlberto Ascari
64%
1519 july 1952BritainItalyAlberto Ascari
64%
7129 july 1951GermanyItalyAlberto Ascari
64%
3113 august 1972AustriaBrazilEmerson Fittipaldi
64%
2314 june 1964BelgiumUKJim Clark
61%
116 june 1960NetherlandsAustraliaJack Brabham
50%
917 july 1954BritainArgentinaJose-Froilan Gonzalez
50%
1214 july 1951BritainArgentinaJose-Froilan Gonzalez
50%
362 september 1956
Italy
UKStirling Moss
50%
2813 may 1956MonacoUKStirling Moss
50%
2123 january 1972ArgentinaUKJackie Stewart
46%
3824 october 1954SpainUKMike Hawthorn
46%
2729 july 1979GermanyAustraliaAlan Jones
43%
322 may 1961NetherlandsGermanyWolfgang von Trips
39%
2020 july 1957BritainUKTony Brooks
36%
81 july 1951FranceItalyLuigi Fagioli
32%
4422 may 1955MonacoFranceMaurice Trintignant
32%
3018 may 1952SwitzerlandItalyPiero Taruffi
32%
1922 october 1989JapanItalyAlessandro Nannini
29%
1430 may 1953IndianapolisUSABill Vukovich
25%
731 may 1959NetherlandsSwedenJo Bonnier
25%
2529 april 1979SpainFrance
Patrick Depailler
21%
9930 may 1951IndianapolisUSALee Wallard
21%
1
30 may 1950
IndianapolisUSAJohnnie Parsons
18%
9830 may 1952IndianapolisUSATroy Ruttman
14%

Score Distribution

Percentile by Number Answered

Percent of People with Each Score

Your Score History

You have not taken this quiz